000 00285nam a22001337a 4500
008 180109b xxu||||| |||| 00| 0 eng d
020 _a9780073053776
041 _aeng
080 _a94
100 _a16
101 _aHIS
245 _aWORLD HISTORY
_cMITCHEL.J.R
942 _2udc
_cBK
999 _c39955
_d39955